00295nam a2200109Ia 4500008004100000041001200041100001800053245008800071250000900159260000900168650000800177221030s9999 xx 000 0 und d aEnglish aMateenah /310 0aireless Survelliance Systemusing Zigbee & Interfacing With MetlabcInsha/ 329 a2010 c2014 aECE